000 00837nam a22003137a 4500
001 BR9705480
003 BR-BrBNA
005 20230928095753.0
007 ta
008 230509b bl.||||| |||| 00| 0 por d
040 _aBR-BrBNA
_bpor
_cBiblioteca Nacional de Agricultura
041 _a(Por)
072 _aE16
_b0180
090 _ 0180 BR9705480
110 1 _aCompanhia de Desenvolvimento Industrial e Comercial do Rio Grande do Sul, Porto Alegre (Brasil)
_92381
245 1 _aPerfil do trigo
260 3 _aPorto Alegre, RS (Brasil):
_c[nd].
300 _a89 p.
500 _a28 tables
650 _aTrigo
650 _aProdutividade
650 _aDemanda
650 _aPreco
650 _aConsumo
650 _aCooperativismo
650 _aRio Grande do Sul
909 _a202309
_bLucia
_c55
_dLucia Elande
942 _cBK
999 _c58570
_d58570